mysqli: Table './ulib62015/stat_globaluid' is marked as crashed and should be repaired
select id from stat_globaluid where statuid='20260517103023_2354'
mysqli: Table './ulib62015/stat_globaluid' is marked as crashed and should be repaired
DELETE FROM stat_globaluid
WHERE id NOT IN (
SELECT id
FROM (
SELECT id
FROM stat_globaluid
ORDER BY id DESC
LIMIT 100
) foo
);
mysqli: Table './ulib62015/stat_globaluid' is marked as crashed and should be repaired
insert into stat_globaluid set
statuid='20260517103023_2354',
dt='1778988623',
phpself='/ULIB62015/dublinfull.php',
agent='Mozilla/5.0 AppleWebKit/537.36 (KHTML, like Gecko; compatible; ClaudeBot/1.0; +claudebot@anthropic.com)',
yea='2026',
mon='5',
dat='17',
ip='216.73.216.45'
mysqli: Table './ulib62015/stathist_viewbib_bib_type' is marked as crashed and should be repaired
insert into stathist_viewbib_bib_type set
dat='17' ,
mon='05' ,
yea='2026' ,
statuid='20260517103023_2354' ,
head='13399122462' ,
foot='marc' ,
dt='1778988623'
LEADER : 00000nam 2200000uu 4500
001 13399122462
003 ULIB
008 190921s2018||||th 000 0 tha d
020 ^a9786161134822
060 04 ^aWB50.JT3^bT364 2018
245 00 ^aThai traditional and alternative health profile :^bThai traditional medicine, indigenous medicine and alternative medicine 2014-2016 /^ceditorial board: Suriya
245 Wo ngkongkathep ... [et al.]
250 ^a1st ed.
260 ^aNonthaburi:^bDevelopment of Thai Traditional and Alternative Medicine, Ministry of Public Health,^c2018.
300 ^a(18), 357 p. :^bill. ;^c27 cm.
504 ^aBibliography p. 337-354
650 2 ^aMedicine, Traditional^zThailand
650 2 ^aAlternative medicine
700 0 ^aWongkongkathep, Suriya ,^eEd.
710 2 ^aMinistry of Public Health.^bDevelopment of Thai Traditional and Alternative Medicine.^bTechnical and Planning Division.